000
00255pab a2200109 454500
008
180718b xxu||||| |||| 00| 0 eng d
100
_a
Rajendra Prasad, R.J.
245
_a
Tackling natural calamities
650
_a
Disasters
773
_a
Hindu
909
_a
23382
999
_c
23382
_d
23382